LEADER 01080cam0 22002891 450 001 SOBE00067746 005 20211004094421.0 010 $a8807110164 100 $a20211004d1987 |||||ita|0103 ba 101 $aita 102 $aIT 200 1 $a<>certa idea della sinistra$fGianfranco Pasquino$gpresentazione di Pietro Ingrao 210 $aMilano$cFeltrinelli$d1987 215 $aXV, 167 p.$d22 cm 225 2 $aPresenze 300 $aArticoli già pubblicati in: Quarantacinque, 1983-1987 410 1$1001LAEC00023089$12001 $a*Presenze 700 1$aPasquino$b, Gianfranco$3AF00004107$4070$0124397 801 0$aIT$bUNISOB$c20211004$gRICA 850 $aUNISOB 852 $aUNISOB$jFondo|Craveri$m171593 912 $aSOBE00067746 940 $aM 102 Monografia moderna SBN 941 $aM 957 $aFondo|Craveri$b000617$gSI$d171593$n20191023$hCraveri$rdono$tN$1menle$2UNISOB$3UNISOB$420211004094324.0$520211004094421.0$6menle$fModalità di consultazioe sulla home page della Biblioteca link Fondi 996 $aCerta idea della sinistra$9694539 997 $aUNISOB